Nobela: mga buod at pagsusuri (Record no. 2484)
[ view plain ]
| 000 -LEADER | |
|---|---|
| fixed length control field | 00448nam a22001817a 4500 |
| 003 - CONTROL NUMBER IDENTIFIER | |
| control field | 0 |
| 005 - DATE AND TIME OF LATEST TRANSACTION | |
| control field | 20220114142147.0 |
| 008 - FIXED-LENGTH DATA ELEMENTS--GENERAL INFORMATION | |
| fixed length control field | 0 |
| 020 ## - INTERNATIONAL STANDARD BOOK NUMBER | |
| International Standard Book Number | 9712304140 |
| 040 ## - CATALOGING SOURCE | |
| Transcribing agency | 0 |
| 050 ## - LIBRARY OF CONGRESS CALL NUMBER | |
| Classification number | PL6162.5 |
| Item number | .A347 1989 |
| 100 ## - MAIN ENTRY--PERSONAL NAME | |
| Personal name | Alcantara, Ruby G. |
| 245 ## - TITLE STATEMENT | |
| Title | Nobela: mga buod at pagsusuri |
| Remainder of title | mga buod at pagsusuri/ |
| Statement of responsibility, etc. | Ruby G. Alcantara |
| 260 ## - PUBLICATION, DISTRIBUTION, ETC. | |
| Place of publication, distribution, etc. | Manila: |
| Name of publisher, distributor, etc. | Rex Book Store; |
| Date of publication, distribution, etc. | c1989 |
| 300 ## - PHYSICAL DESCRIPTION | |
| Extent | x, 294 pages; |
| Dimensions | 22 cm. |
| 650 ## - SUBJECT ADDED ENTRY--TOPICAL TERM | |
| Topical term or geographic name entry element | Nobela |
| 942 ## - ADDED ENTRY ELEMENTS (KOHA) | |
| Source of classification or shelving scheme | Library of Congress Classification |
| Koha item type | Filipiniana |
| Withdrawn status | Source of classification or shelving scheme | Damaged status | Not for loan | Collection code | Home library | Current library | Date acquired | Total Checkouts | Full call number | Barcode | Date last seen | Price effective from | Koha item type | Shelving location |
|---|---|---|---|---|---|---|---|---|---|---|---|---|---|---|
| Library of Congress Classification | Non-fiction | Cainta College Library | Cainta College Library | 05/24/2018 | PL 6162.5.A347 1989 | URSCAI-1037 | 05/24/2018 | 05/24/2018 | Filipiniana | |||||
| Library of Congress Classification | Non-fiction | Cainta College Library | Cainta College Library | 05/24/2018 | PL 6162.5.A347 1989 | URSCAI-1038 | 05/24/2018 | 05/24/2018 | Filipiniana | On Display |